000 00945nam a22002777a 4500
001 38546
003 CO-BoRNBP
005 20250801162559.0
007 ta
008 241114s1994 ck b|||| |||| 00| 0 spa d
040 _aCO-BoRNBP
_bspa
_cCO-BoRNBP
_drda
082 _2Primera edición
_a986.1 H27a
_bH27a
100 1 _aHernández Rojas, Carlos Maria
_eautor
_943784
245 _aAcacía 74 años de historia/
_cCarlos María Hernández Rojas
250 _aPrimera edición
264 _aMeta, Colombia
_bInstituto de Cultura y Turismo del Meta
_c1994
300 _a318 páginas
_bfotografías, mapas
_c21 cm
336 _2rdacontent
_atexto
_btxt
337 _2rdamedia
_asin mediación
_bn
338 _2rdacarrier
_avolumen
_bnc
650 1 7 _2LEMB
_aMeta
_v(Colombia)
_943785
650 1 7 _2LEMB
_aMeta (Colombia)
_vDescripción y viaje
_943786
650 1 7 _2LEMB
_aMeta
_v(Colombia)
_xHistoria
_ySiglo XX
_943787
942 _2ddc
_cBK
999 _c38546
_d38546